"reputation" Songs by Spotify Streams - Statistics

General Stats
  • This quiz has been taken 114 times
    21 since last reset
  • The average score is 14 of 15
Answer Stats
Hint Answer % Correct
462,850,993 Call It What You Want
100%
1,111,898,339 Delicate
100%
1,325,923,748 Don't Blame Me
100%
1,274,450,966 Look What You Made Me Do
100%
229,018,402 New Year's Day
100%
853,794,482 ...Ready For It?
100%
285,465,019 Dancing With Our Hands Tied
94%
754,765,140 Getaway Car
94%
658,104,542 Gorgeous
94%
393,345,359 Dress
88%
547,835,525 End Game
88%
500,419,019 I Did Something Bad
88%
307,683,387 King Of My Heart
88%
208,969,232 So It Goes...
82%
248,997,439 This Is Why We Can't Have Nice Things
82%
No matching quizzes found
Score Distribution
Percent of People with Each Score
Percentile by Number Answered
Your Score History
You have not taken this quiz since the last reset